| 000 | 00529 a2200181 4500 | ||
|---|---|---|---|
| 999 |
_c29224 _d29224 |
||
| 003 | NUST | ||
| 005 | 20180118150159.0 | ||
| 008 | 180118b xxu||||| |||| 00| 0 eng d | ||
| 020 | _a9812563342 | ||
| 020 | _a9789812563347 | ||
| 082 | 0 | 4 | _a530.15 |
| 100 |
_aRahvar, S. _98838 |
||
| 245 | 1 | 0 |
_aMathematical physics : _bproceedings of the xi regional conference / _cS. Rahvar, N. Sadooghi, F. Shojai. |
| 260 |
_a[S.l.] : _bWorld Scientific Publishing Company, _c2005. |
||
| 300 |
_a199 p. ; _c28 cm. |
||
| 700 | 1 |
_aRahvar, S. _98838 |
|
| 700 | 1 |
_aSadooghi, N. _98839 |
|
| 700 | 1 |
_aShojai, F. _98840 |
|
| 942 |
_aSNS _cBK _k530.15 RAH _2ddc |
||